European Union Acronyms - Statistics

General Stats
  • This quiz has been taken 40 times
    25 since last reset
  • The average score is 7 of 29
Answer Stats
Hint Answer % Correct
EU European Union
88%
ECB European Central Bank
59%
ECJ European Court of Justice
59%
CFSP Common Foreign and Security Policy
35%
EC European Communities
35%
EEC European Economic Community
35%
CoR Committee of the Regions
29%
EIB European Investment Bank
29%
OJ Official Journal
29%
SEA Single European Act
29%
ECSC European Coal and Steel Community
24%
EDF European Development Fund
24%
EESC European Economic and Social Committee
24%
EMS European Monetary System
24%
EPSO European Personnel Selection Office
24%
OCT Overseas Countries and Territories
24%
ECOFIN Economic and Financial Affairs Council
18%
EMU Economic and Monetary Union
18%
EAEC European Atomic Energy Community
18%
EFC Economic and Financial Committee
12%
EEA European Environment Agency
12%
EEAS European External Action Service
6%
EaP Eastern Partnership
0%
EPC Economic Policy Committee
0%
ENP European Neighbourhood Policy
0%
ESDP European Security and Defence Policy
0%
HR High Representative of Foreign Affairs and Security Policy
0%
TEU Treaty on European Union
0%
TFEU Treaty on the Functioning of the European Union
0%
No matching quizzes found
Score Distribution
Percent of People with Each Score
Percentile by Number Answered
Your Score History
You have not taken this quiz since the last reset